Statistiken für Geboren in Pforzheim

Klicken Sie hier um das Quiz zu spielen!

Allgemein

  • Dieses Quiz wurde 29 mal gespielt
    (18 seit der letzten Aktualisierung)
  • Das Durchschnittsergebnis liegt bei 3 aus 11

Antwortstatistiken

HinweisAntwort% Korrekt
Pionierin des Automobils, bewies bei einer ersten Fernfahrt die Eignung der Erfindung ihres Mannes1849Bertha Benz
79%
italienischer Nationalspieler, SC Freiburg1993Vincenzo Grifo
79%
ehemaliger Leichtgewichtboxer1953René Weller
36%
Trainer von Holstein Kiel1979Marcel Rapp
21%
Handballnationalspieler, Rhein Neckar Löwen1989Patrick Groetzki
21%
CDU-Politiker und früherer Ministerpräsident von Baden-Württemberg1966Stefan Mappus
21%
Sänger der Band "Fools Garden"1963Peter Freudenthaler
14%
rechtpopulistischer Journalist und Aktivist, Chefredakteur von Compact1957Jürgen Elsässer
7%
deutsch-amerikanischer Hersteller des ersten standardisierten Golddollars1782Christophe Bechtler
0%
Nonne und Pioniern der deutschen Frauenbewegung1891Else Meyer
0%
Chemienobelpreisträger1877Heinrich Otto Wieland
0%

Verteilung der Resultate

Perzentil nach korrekt beantworteten Fragen

Anzahl Personen mit jedem Resultat

Ihre Resultats-Entwicklung

Sie haben dieses Quiz seit der letzten Aktualisierung nicht gespielt